000
00210 a2200097 4500
001
31413
100
_a
Dale, Nell
245
_a
C++ Data Structure
260
_a
New Delhi
_b
Narosa
_c
1999
090
_c
21300
_d
21300
942
_a
NUST-CAE
_c
M
_c
12560
999
_c
266486
_d
266486